| 000 | 00680nam a2200241 a 4500 | ||
|---|---|---|---|
| 999 |
_c8482 _d8482 |
||
| 001 | 8482 | ||
| 003 | BD-JhCC | ||
| 005 | 20180225130237.0 | ||
| 008 | 180225s2004 bg a|||| || | 000 0 eng d | ||
| 035 | _a(BD-JhCC)8482 | ||
| 040 |
_aBD-JhCC _dBD-JhCC |
||
| 041 | _aeng | ||
| 082 |
_a540 _bMAZ 2004 |
||
| 100 | _aMazumder, Monimanjusha | ||
| 245 |
_aHigher Secondary Chemistry / _cMonimanjusha Mazumder; Rowshan Are Begum; A. M. Sarwaruddin Chowdhury |
||
| 260 |
_aDhaka : _bSristy Publication, _c2004. |
||
| 300 |
_a775p. : _c23 cm. |
||
| 650 | _aChemistry | ||
| 700 | _aBegum, Rowshan Are | ||
| 700 | _aChowdhury, A. M. Sarwaruddin | ||
| 942 |
_2ddc _cBK |
||